Statistics for Atlanta Falcons Lineup

Click here to take the quiz!

General Stats

  • This quiz has been taken 90 times
  • The average score is 10 of 22

Answer Stats

PositionPlayer% Correct
QBMatt Ryan
100%
WR 1Julio Jones
92%
MLBDeion Jones
89%
TEAustin Hooper
67%
CB 1Desmond Trufant
67%
WR 2Mohamed Sanu
67%
CAlex Mack
60%
KMatt Bryant
60%
SSKeanu Neal
58%
DTGrady Jarrett
56%
LTJake Matthews
56%
RBTevin Coleman
51%
PMatt Bosher
45%
CB 2Robert Alford
44%
FSRicardo Allen
41%
LETakkarist Mckinley
26%
LOLBDe'Vondre Campbell
25%
ROLBDuke Riley
14%
LGWes Schweitzer
10%
RTRyan Schraeder
8%
RGBen Garland
7%
RETerrell McClain
4%

Score Distribution

Percentile by Number Answered

Percent of People with Each Score

Your Score History

You have not taken this quiz